El administrador de instituciones financieras : (Registro nro. 6112)

Detalles MARC
000 -LEADER
fixed length control field 01342nam a2200277Ia 4500
003 - CONTROL NUMBER IDENTIFIER
control field OSt
005 - DATE AND TIME OF LATEST TRANSACTION
control field 20201027130746.0
008 - FIXED-LENGTH DATA ELEMENTS--GENERAL INFORMATION
fixed length control field 191128s2004 ck gr 000 0 spa d
020 ## - INTERNATIONAL STANDARD BOOK NUMBER
International Standard Book Number 9589742920
040 ## - CATALOGING SOURCE
Original cataloging agency CO-JMCR
Transcribing agency CO-JMCR
041 0# - LANGUAGE CODE
Language code of text/sound track or separate title spa
082 04 - DEWEY DECIMAL CLASSIFICATION NUMBER
Classification number 332.10681/
Item number S237a
Edition number 23
100 1# - MAIN ENTRY--PERSONAL NAME
Personal name Santos Mera, Jaime Eduardo ,
Relator term autor
9 (RLIN) 12037
245 13 - TITLE STATEMENT
Title El administrador de instituciones financieras :
Remainder of title treinta casos para decisión /
Statement of responsibility, etc. Jaime Eduardo Santos Mera, Mauricio Ortíz Lora
260 ## - PUBLICATION, DISTRIBUTION, ETC.
Place of publication, distribution, etc. Bogotá :
Name of publisher, distributor, etc. Colegio de Estudios Superiores de Administración,
Date of publication, distribution, etc. 2004.
300 ## - PHYSICAL DESCRIPTION
Extent 97 páginas ;
Dimensions 28 cm.
490 ## - SERIES STATEMENT
Series statement Corporate governance Cesa-Incolda ;
Volume/sequential designation 4
500 ## - GENERAL NOTE
General note Incluye datos biográficos de los autores.
505 0# - FORMATTED CONTENTS NOTE
Formatted contents note Metodología -- Caso modelo -- Los seguros el día después -- Juntas directivas -- Tercerización de servicios -- El conocimiento del empleado -- Llega un cliente suplantado -- Conductas abusivas en el mercado de los valores -- Café internet -- Información
520 0# - SUMMARY, ETC.
Summary, etc. Los casos presentados en esta obra permite aplicar diferentes técnicas para la toma de decisiones
650 24 - SUBJECT ADDED ENTRY--TOPICAL TERM
Topical term or geographic name entry element Toma de decisiones
9 (RLIN) 283
650 24 - SUBJECT ADDED ENTRY--TOPICAL TERM
Topical term or geographic name entry element Finanzas corporativas
9 (RLIN) 12038
650 24 - SUBJECT ADDED ENTRY--TOPICAL TERM
Topical term or geographic name entry element Administración de instituciones financieras
9 (RLIN) 12039
700 1# - ADDED ENTRY--PERSONAL NAME
Personal name Ortíz Lora, Mauricio,
Relator term autor
9 (RLIN) 12040
942 ## - ADDED ENTRY ELEMENTS (KOHA)
Source of classification or shelving scheme Dewey Decimal Classification
Koha item type Books
Existencias
Withdrawn status Lost status Source of classification or shelving scheme Materials specified (bound volume or other part) Damaged status Not for loan Home library Current library Shelving location Date acquired Source of acquisition Full call number Barcode Date last seen Copy number Price effective from Koha item type
    Dewey Decimal Classification Donación--15/04/2018--     Biblioteca Pública José María del Castillo y Rada Biblioteca Pública José María del Castillo y Rada General Stacks 11/28/2019 Donación 332.10681 / S237a 430012042 05/16/2024 Ej.1 11/28/2019 Books